The letters to the Galatians and Ephesians. (Record no. 439)

000 -LEADER
fixed length control field 00779nam a2200205 a 4500
001 - CONTROL NUMBER
control field :::00013593$&:&@@
003 - CONTROL NUMBER IDENTIFIER
control field OkBaRHE
005 - DATE AND TIME OF LATEST TRANSACTION
control field 20100324120819.0
008 - FIXED-LENGTH DATA ELEMENTS--GENERAL INFORMATION
fixed length control field s1958 j 000 0 eng u
040 ## - CATALOGING SOURCE
Transcribing agency
100 1# - MAIN ENTRY--PERSONAL NAME
Personal name Barclay, William, 1907-1978,
245 14 - TITLE STATEMENT
Title The letters to the Galatians and Ephesians.
Statement of responsibility, etc Translated with an introduction and interpretation by William Barclay.
260 ## - PUBLICATION, DISTRIBUTION, ETC. (IMPRINT)
Place of publication, distribution, etc Philadelphia, PA., :
Name of publisher, distributor, etc Westminster Press
Date of publication, distribution, etc 1958
300 ## - PHYSICAL DESCRIPTION
Extent xviii, 219 p. ;
Dimensions 17 cm.
490 0# - SERIES STATEMENT
Series statement The Daily study Bible series.
650 ## - SUBJECT ADDED ENTRY--TOPICAL TERM
Topical term or geographic name as entry element Bible New Testament Ephesians
General subdivision Commentaries
650 ## - SUBJECT ADDED ENTRY--TOPICAL TERM
Topical term or geographic name as entry element Bible New Testament Galatians
General subdivision Commentaries
942 ## - ADDED ENTRY ELEMENTS (KOHA)
Source of classification or shelving scheme
Koha item type Books
Copies
Koha item type Not for loan Lost status Copy number Price effective from Current Location Permanent Location Date last seen Barcode Date acquired Collection code Full call number Shelving location Withdrawn status Damaged status Source of classification or shelving scheme
Books  12010-04-14RHEMA Bible Training CollegeRHEMA Bible Training College2018-04-03135932010-04-14ReferenceBS 2683 .B37General Stacks